000 01080nam a22003137a 4500
003 CHAP
005 20220817042738.0
008 971013s1988 r 10010 d
010 _a54238
011 _a55210
035 _a59362
040 _cCHAP
082 _a631.7063
_bS4
111 0 0 _aSeminario Iberoamericano de Riego y Drenaje (
_d1986
_c: Madrid)
_9104111
245 _aConferencias y conclusiones
260 _aMadrid :
_bMinisterio de Agricultura, Pesca y alimentación,
_c1988
300 _a366 p.
590 _aBATCH-UPD
_b10
_c20130110
_lUCH01
_h0829
590 _aBATCH-UPD
_b10
_c20130410
_lUCH01
_h0507
590 _aBATCH-UPD
_b10
_c20130914
_lUCH01
_h1221
590 _aCONVERSION
_b10
_c20130109
_lUCH01
_h1329
650 1 4 _aDrenaje.
_934190
650 1 4 _aIrrigación
_xCongresos.
_960390
710 0 _aInstituto Interamericano de Cooperación para la Agricultura.
901 _aBK
942 _cLIBRO
949 _a631.7063 S4
_bBC
_cLIBRO
_d33724000168969
_eLIBRO
_h73251
_i59362
_si
949 _a631.7063 S4
_bBC
_cLIBRO
_d33724000168977
_eLIBRO
_fc.2
_h73252
_i59362
_si
999 _c54238
_d54238